000 01350nam a22003371i 4500
001 ebr10775050
003 CaPaEBR
006 m o d
007 cr cn|||||||||
008 131027s2013 nyua ob 001 0 eng d
020 _a9781618113191 (e-book)
020 _z9781618113122
040 _aCaPaEBR
_beng
_erda
_epn
_cCaPaEBR
035 _a(OCoLC)868871321
050 1 4 _aHF1106
_b.B76 2013eb
100 1 _aBrock, Sabra.
245 1 0 _aAt the intersection of education, marketing, and transformation /
_cSabra Brock.
264 1 _aNew York :
_bTouro College Press,
_c2013.
300 _a1 online resource (162 pages) :
_billustrations
336 _atext
_2rdacontent
337 _acomputer
_2rdamedia
338 _aonline resource
_2rdacarrier
504 _aIncludes bibliographical references and index.
588 _aDescription based on online resource; title from PDF title page (ebrary, viewed October 27, 2013).
590 _aElectronic reproduction. Palo Alto, Calif. : ebrary, 2013. Available via World Wide Web. Access may be limited to ebrary affiliated libraries.
650 0 _aBusiness education.
650 0 _aMarketing.
655 0 _aElectronic books.
797 2 _aebrary.
856 4 0 _uhttp://site.ebrary.com/lib/rucke/Doc?id=10775050
_zAn electronic book accessible through the World Wide Web; click to view
999 _c130928
_d130928